[Event "Accession Meyreuil 03/04"]
[Site "?"]
[Date "2004.01.10"]
[Round "5"]
[White "Hernandez, Jean-Pierre"]
[Black "Derien, Robert"]
[Result "1-0"]
[WhiteElo "1680"]
[BlackElo "1710"]
[PlyCount "113"]

1. Nf3 Nf6 2. d4 d5 3. Bf4 Nbd7 4. e3 e6 5. Bd3 Be7
6. Nbd2 c5 7. c3 c4 (7... b6 8. Ne5 Bb7 9. Ndf3 Nxe5 10. dxe5 Nh5 11. Qa4+ Kf8
12. Ba6 Bxa6 13. Qxa6 g5 14. Bg3 Qc7 15. Qa4 b5 16. Qg4 Nxg3 17. hxg3 h6 18.
O-O-O Kg7 19. Rh5 Qa5 20. Kb1 Qa6 21. Nd2 b4 22. c4 {
Larsen,B-Csom,I/Biel 1976/IZT/1/2-1/2 (61)}) 8. Bc2 b5 9. Ne5 Bb7 10. Ndf3
10... Nh5 $2 {#
10...Nxe5 11.dxe5 Ne4 12.Nd4 =} 11. Nxd7 $2 {
>= 11.Ng5! Nxe5 12.Qxh5 (12.Bxe5?! Nf6=) 12...g6 13.Nxe6 +-} 11... Nxf4 $11
12. exf4 Qxd7 13. Ne5 Qc7 14. Qh5 g6 15. Qg4 h5 16. Qe2 Bd6 17. g3 O-O-O 18.
O-O-O {18.0-0 h4 =} 18... a5 19. h4 19... b4 {
Les Noirs ebranlent la chaine de pions} 20. Ba4 Rhg8 21. Nf3 Bc6 22. Bxc6 Qxc6
23. Qc2 23... a4 {23...f6 24.Rde1 Kd7 =/+} 24. Ne5 24... Qd7 $4 {
>= 24...Bxe5 etait necessaire 25.fxe5 b3 26.axb3 axb3 =} 25. Nxd7 $18 {
les Noirs auraient pu abandonner ici} 25... Rxd7 26. Qxa4 Rb7 27. Qc6+ Bc7 28.
cxb4 Rxb4 29. Qa8+ Rb8 30. Qa4 Rb6 31. Qc2 Kd7 32. Kd2 Ra8 33. Ra1 Rab8 34.
Rhb1 Rb4 35. Ke2 Ba5 36. b3 Rc8 37. Rc1 c3 38. Rd1 Bb6 39. a3 Rb5 40. Rd3 Rb8
41. Rad1 Bxd4 42. b4 Bf6 43. Rxc3 Bxc3 44. Qxc3 Rc8 45. Qd3 Rc4 46. f3 {
>= 46.Qc4! +-} 46... Rb7 47. Qb3 {>= 46.Qc4! +-} 47... Rbc7 48. Rd3 d4 49.
Kd2 f6 50. b5 e5 51. fxe5 fxe5 52. a4 Kc8 53. b6 R7c6 54. a5 Kb7 55. a6+ $1 {
met la touche finale} 55... Kb8 {55...Kxa6? 56.b7 +-} 56. b7 Rc2+ 57. Qxc2
1-0

[Event "Accession Meyreuil 03/04"]
[Site "?"]
[Date "2004.01.10"]
[Round "5"]
[White "Mamert, Robert"]
[Black "Blondelon, Alain"]
[Result "1-0"]
[WhiteElo "1700"]
[BlackElo "1680"]
[PlyCount "73"]

1. d4 Nf6 2. c4 g6 3. g3 Bg7 4. Bg2 d5 5. Nf3
dxc4 6. Na3 O-O 7. O-O c6 8. Nxc4 Nbd7 9. Qc2 Ne8 10. Rd1 Nd6 11. b3 Nxc4 12.
Qxc4 Nf6 13. Ne5 Be6 14. Qb4 Qc7 15. Bf4 15... Nh5 {
>= 15...a5!? 16.Qc3 Qb6 17.e4 +/=} 16. Nxg6 $1 $16 16... Nxf4 17. Nxf4 {
17.Nxe7+?! Kh8 18.gxf4 Rae8 =} 17... Bf5 18. Rac1 18... e5 $2 {
>= 18...Qb6 19.Qxe7 Bxd4 20.e3 +-} 19. Nd5 $1 {une fin tout en finesse} 19...
Qd7 20. Ne7+ Kh8 21. Nxf5 (21. dxe5 $5 {est plus facile pour les Blancs} 21...
Qe6 22. Qxb7 Qxe5 23. Nxf5 Qxf5 24. Bxc6 Rac8 25. Qxa7 $18 {
et avec 4P de plus, les Blancs peuvent se relaxer}) 21... Qxf5 22. d5 cxd5 23.
Rxd5 {23.Bxd5 Rab8 +-} 23... Qe6 {>= 23...b6 +-} 24. Qxb7 e4 25. Qd7 Qa6
26. Bxe4 Rae8 27. Qf5 27... Qh6 {27...Qg6 28.Bd3 +-} 28. Rc6 Re6 29. Rdd6 a5
30. Rxe6 fxe6 31. Qxe6 (31. Qxa5 $5 {est mieux} 31... Qf6 32. Qc5 Rf7 33. a4
$18) 31... Qd2 32. Rc8 Qe1+ 33. Kg2 Qxf2+ 34. Kh3 Qf1+ 35. Bg2 Qa1 36. Qf5 Rg8
37. Bd5 (37. Bd5 Qf1+ 38. Qxf1 Rxc8 39. e4 $18) (37. Rxg8+ Kxg8 38. Bd5+ Kh8
39. Qc8+ Bf8 40. Qxf8#) 1-0

[Event "Accession Meyreuil 03/04"]
[Site "?"]
[Date "2004.01.10"]
[Round "5"]
[White "Corrias, Robert"]
[Black "Colandrea, Sauveur"]
[Result "0-1"]
[WhiteElo "1780"]
[BlackElo "1860"]
[PlyCount "86"]

1. d4 Nf6 2. Bg5 Ne4 3.
Bh4 c5 4. f3 Qa5+ ({la bibliotheque de Fritz propose} 4... g5 5. fxe4 gxh4 6.
e3 6... Bh6 $11) 5. c3 5... Nf6 $11 6. Bxf6 gxf6 7. e3 Bh6 8. Qd3 a6 9. Nd2 Qc7
10. f4 b6 11. Be2 d6 12. Bf3 Bb7 13. Bxb7 Qxb7 14. Ngf3 Nd7 15. O-O Qd5 16. f5
Ne5 17. Nxe5 fxe5 18. e4 Qc6 19. d5 $14 {Les Blancs gagnent de l'espace} 19...
Qb5 {#
19...Qc7 20.f6 Bf4 21.fxe7 Qxe7 22.Nf3 Rg8 +/=} 20. Qxb5+ (20. Nc4 $5
20... Rb8 21. f6 $16 21... Rg8 22. fxe7 Rg6 23. Rf5 Kxe7 24. Kh1 Bf4 25. Rf1 f6
26. g3 26... Bh6 $16) 20... axb5 $11 21. Nf3 Ra4 22. Rfe1 Kd7 23. Kf2 {
23.a3!? Rha8 24.Rab1 =} 23... Rha8 $15 24. a3 b4 25. cxb4 cxb4 26. Rab1 {
26.h4 bxa3 27.Rxa3 Rxa3 28.bxa3 Rxa3 =/+} 26... bxa3 $17 27. bxa3 27... R8a6
{Plus faible est 27...Rxa3? 28.Rxb6 Ra2+ 29.Kf1 +/=} 28. Rb4 $17 28... Rxa3
29. Reb1 {Attaque le pion isole en b6} 29... Ra2+ 30. R1b2 Rxb2+ 31. Rxb2 Kc7
32. Ke2 32... Ra4 {les Noirs gardent l'initiative} 33. Kd3 {
33.Rc2+!? Kb7 34.Kd3 -/+} 33... Ra3+ 34. Kc4 Re3 35. Nd2 Re2 36. Kd3 Rxg2 37.
Rc2+ Kb7 38. Nf3 Rxc2 39. Kxc2 Ka6 40. Ne1 Kb5 41. Kb3 Kc5 42. Kc3 Be3 43. Ng2
$2 {>= 43.Nd3+ Kb5 44.h3 -+} 43... Bf2 (43... Bf2 44. Kd3 b5 45. Ke2 Bg1 46.
Kd3 (46. h3 46... Kd4 $19) 46... Bxh2 $19) 0-1

[Event "Accession Meyreuil 03/04"]
[Site "?"]
[Date "2004.01.10"]
[Round "5"]
[White "Fabet, Olivier"]
[Black "Thomet, Yannick"]
[Result "0-1"]
[WhiteElo "1760"]
[BlackElo "1930"]
[PlyCount "56"]

1. d4 d6 2. c4 g6 3.
Nc3 Bg7 4. e4 Nf6 5. f4 O-O 6. Nf3 6... Bg4 {Contrairement a d'autres
variantes de l'Est-Indienne, ici la case g4 est souhaitable pour le Bc8 afin
de detruire le centre des Blancs} ({la variante principale commence par} 6...
c5 7. dxc5 Qa5 8. Bd3 Qxc5 9. Qe2 Bg4 10. Be3 $14) 7. Bd3 {
imprecis. Ce B est mieux place en e2} (7. Be3 Nfd7 8. h3 Bxf3 9. Qxf3 e5 10.
dxe5 dxe5 11. f5 Nc6 12. O-O-O Nd4 13. Qf2 c6 14. g4 Qa5 15. g5 Rfd8 16. h4 Nc5
17. Kb1 b5 18. cxb5 cxb5 19. Bg2 Na4 20. f6 Bf8 21. Nd5 b4 22. Ne7+ Bxe7 23.
fxe7 Rdb8 24. Bxd4 exd4 25. Rhf1 f5 26. gxf6 Kf7 27. Qxd4 {
1-0 Glek,I-Damljanovic,B/Belgrade 1988/CBM 10 (27)}) 7... Bxf3 8. Qxf3 Nc6 9.
Be3 Nd7 10. Ne2 {>= 10.d5!? Nb4 11.Bb1 +/=} 10... e5 $15 11. fxe5 $4 {
>= 11.0-0 exd4 12.Bd2 a5 13.Rae1 Nc5 =/+} 11... Ndxe5 $1 $19 {decapitation}
12. dxe5 Nxe5 13. Qg3 Nxd3+ 14. Kd2 Nxb2 15. Rac1 c5 16. Nf4 {
16.Bf4 n'ameliore rien Qa5+ 17.Nc3 Nxc4+ 18.Kd1 f5 -+} 16... Qa5+ 17. Ke2
17... Nxc4 $1 18. Rhd1 {18.Rxc4? Qxa2+ -+ gagne la qualite} 18... Nxe3 {
>= 18...Rae8!? semble meilleur 19.Kf1 Rxe4 20.Nd5 Nxe3+ 21.Nxe3 Be5 22.Qh3
Qxa2 -+} 19. Qxe3 Qxa2+ 20. Kf1 {20.Rd2 Qa4 21.Qd3 Rae8 22.Rc4 Qc6 -+} 20...
Qa6+ {20...f5 peut etre le plus court chemin 21.e5 (ouvrir la position est
encore pire)  Bxe5 22.Qf3 -+} 21. Kf2 Rae8 22. Kg3 Qa4 23. Re1 f5 24. Qd3 Be5
25. Kh3 Bxf4 26. Qd5+ Kh8 27. exf5 Rxf5 28. Rxe8+ Qxe8 0-1

[Event "Accession Meyreuil 03/04"]
[Site "?"]
[Date "2004.01.24"]
[Round "6"]
[White "Tchifteyan, Philippe"]
[Black "Thomet, Yannick"]
[Result "1-0"]
[WhiteElo "1710"]
[BlackElo "1860"]
[PlyCount "147"]

 1. e4 d6 2. c4 g6 3. Nc3 Bg7 4. d3 c5 5. f4 Nc6 6. Nf3 Bg4
7. Be2 Nf6 8. Be3 O-O 9. O-O b6 10. Rb1 Qc8 11. h3 {#} 11... Bxh3 {
un sacrifice tout a fait correct et c'est le meilleur coup ici} 12. Nh2 $6 (12.
e5 $142 $5 {est meilleur} 12... dxe5 13. fxe5 (13. gxh3 $2 13... Qxh3 14. fxe5
Qg3+ 15. Kh1 Ng4 (15... Nxe5 $6 16. Qd2 $17) 16. Qd2 Bxe5 17. Nd5 (17. Bd1 Nxe3
18. Re1 18... Ng4 $19) 17... Qh3+ 18. Kg1 Bh2+ 19. Kh1 Bg3+ 20. Kg1 20... e6 $1
21. Bd1 (21. Nc3 $2 21... Bh2+ 22. Kh1 Bf4+ 23. Kg1 23... Bxe3+ $19) 21... exd5
22. Bg5 f6 23. Qg2 Bf2+ 24. Rxf2 Nxf2 25. Kxf2 Qxg2+ 26. Kxg2 fxg5 27. cxd5 Nb4
28. d6 28... Rfd8 $19 {et les Noirs ont R+2P pour un B !}) 13... Ng4 14. Bf4
Ngxe5 15. Nxe5 Nxe5 16. Nd5 (16. gxh3 Qxh3 17. Rf2 $11) 16... Nc6 17. gxh3
17... Qxh3 $11 {avec 3P et la case d4 pour le B}) (12. gxh3 $6 12... Qxh3 13.
Qe1 Ng4 14. Nd5 Nd4 (14... e6 15. Qh4 $14) 15. Rf2 (15. Bd1 e6 16. Nc3 (16.
Ne7+ Kh8 17. e5 Nxe3 18. Qxe3 Qg3+ 19. Kh1 dxe5 20. Qe1 Qh3+ 21. Kg1 21... exf4
$19) 16... Nc2 17. Bxc2 Nxe3 18. Qd2 Nxf1 19. Rxf1 19... f5 $17) 15... Nc2 16.
Bf1 Qg3+ 17. Rg2 Qxe1 18. Rxe1 Nxe1 19. Nxe1 Nxe3 20. Nxe3 20... Bd4 $17) 12...
Bd7 $17 13. g4 a6 14. f5 14... Ra7 {14...h6 15.Qd2 Kh7 16.Rf3 -/+} 15. Rf3 $2
{>= 15.g5 Ne8 16.Nd5 Qd8 =/+} 15... Nxg4 $4 {
perd l'avantage >= 15...Nd4 16.Rf2 gxf5 17.gxf5 e6 -/+} 16. Nxg4 $14 16...
gxf5 {16...Kh8 17.f6 Bxg4 18.fxg7+ Kxg7 19.Rg3 Bxe2 20.Qxe2 +/=} 17. Nh6+ $16
17... Kh8 18. Nxf5 Rg8 19. Kf2 Bxf5 20. Rxf5 {
20.exf5?! Ne5 21.Rg3 Qxf5+ 22.Kg2 Ng6 =} 20... Nd4 $4 {
les Noirs craquent >= 20...Bd4 21.Qh1 e6 22.Rh5 f6 +/-} 21. Rh5 $18 {
21.Rxf7 est moins bon Qe6 22.Bh5 Bh6 23.Bxh6 Qxh6 +/-} 21... Qe6 22. Nd5 {
>= 22.Qh1 Qf6+ Ke1 Qg6 24.Kd2 Nxe2 25.Nxe2+- et Rg1 assure la victoire} 22...
Qg6 (22... Be5 23. Qh1 (23. Nxb6 $2 {est tres faible} 23... Bg3+ 24. Kf1 Qf6+
25. Bf3 25... Nxf3 $15) 23... Rg7 24. Bh6 $18) 23. Nf4 Qf6 24. Qh1 {
24.Bf3 Rf8 25.Qh1+-} 24... h6 25. Ke1 {25.Bf3!? Kh7+-} 25... Nc2+ 26. Kd2
Nxe3 27. Kxe3 27... Kh7 {27...e6!?+/-} 28. Nd5 $18 28... Qd4+ 29. Kd2 b5 30.
b3 {30.Ne3!? Bf8+-} 30... e6 {30...bxc4!? 31.Qh4 Rga8 32.bxc4 e6+/-} 31.
Ne3 $18 31... Qc3+ 32. Kd1 Bf8 33. Rc1 {33.a3 Rg3 34.Rh3 Rxh3 35.Qxh3 Be7 +/=
} 33... Qd4 {33...Qb2 34.Rc2 Qb1+ 35.Kd2 Qxh1 36.Rxh1 +/-} 34. Kd2 b4 35. Bf3
a5 36. Ng4 Rg6 37. e5 $4 {la partie bascule a nouveau >= 37.Bd1+/-} 37...
Rxg4 $17 38. Bxg4 Qxg4 39. Qe4+ {39.Rg1!? est interessant Qd4 40.exd6-/+}
39... Qxe4 $17 40. dxe4 dxe5 41. Rxe5 $2 {41.Rf1 Kg6 42.Rxe5 Be7 -/+} 41...
a4 {>= 41...Bd6 et les Noirs prennent le meilleur 42.Rh5 Bf4+ 43.Kc2 Bxc1 44.
Kxc1 Rc7 -+} 42. Rh5 $17 42... axb3 43. axb3 Ra3 44. Rh3 Be7 45. Rd1 Bg5+ 46.
Kc2 {46.Ke2 Kg6 -/+} 46... Ra2+ 47. Kb1 Re2 48. Rd7 Kg6 49. Rc7 49... Rxe4 $6
{douteux car il vaut mieux eviter que les P blancs s'activent 49...Be3!? 50.
e5 Bd4 51.Rg3+ Kf5 52.Rxf7+ Kxe5 -/+} 50. Rxc5 f5 51. Rb5 Be7 52. Kc2 h5 53.
Kd3 53... e5 {53...Kg5 54.Re3 Kf4 55.Rxe4+ fxe4+ 56.Ke2 h4 =} 54. c5 {
54.Rd5 Bf6=} 54... Rd4+ 55. Ke2 Kg5 (55... e4 $5 {merite d'etre regarde} 56.
c6 Bd6 57. Ra5 (57. Rb7 $6 57... Bf4 58. Rd7 (58. c7 Rd2+ 59. Ke1 Rc2 60. Rxb4
60... Bxc7 $19) 58... Rd6 59. Rxd6+ 59... Bxd6 $11) 57... Bf4 58. Rxh5 Rd2+ (
58... Kxh5 $2 59. Rxf5+ Kg6 60. Rxf4 Rd6 61. Rxe4 Rxc6 62. Rxb4 62... Rd6 $18)
59. Ke1 e3 60. Rh3 60... Rc2 $11) 56. c6 $14 56... Bd6 57. Rb7 57... Rd5 $2 {
57...Kg4 58.Rh2 h4 59.Rg7+ Kh5 60.Rf2 Kh6 61.Rg8 Kh7 62.Rg5 Re4+ 63.Kf1 Re3
64.Rfg2! Rf3+ 65.Ke2 Rg3 66.R5xg3 hxg3 67.Rxg3+-} 58. Rd7 {
58.Rg7+!? Kf6 59.Rd7 Ke6 60.Rxh5 e4 61.Rh6+ Ke5 62.c7 Bxc7 63.Rxc7 +-} 58...
Rd4 59. c7 Bxc7 60. Rxc7 Kg4 61. Rh1 61... e4 $2 62. Rg7+ Kf4 63. Rxh5 Rd3 64.
Rf7 64... Rd5 $2 65. Rb7 Kg4 66. Rh1 Rd4 67. Rd1 Rxd1 68. Kxd1 Kf3 69. Ke1 f4
70. Rxb4 Ke3 71. Ra4 Kd3 72. b4 e3 73. b5 f3 74. Rf4 1-0

[Event "Accession Meyreuil 03/04"]
[Site "?"]
[Date "2004.01.24"]
[Round "6"]
[White "Blondelon, Alain"]
[Black "Corrias, Robert"]
[Result "1/2-1/2"]
[WhiteElo "1630"]
[BlackElo "1780"]
[PlyCount "59"]

1. Nf3 d6 2. d4 Nf6 3. e3 g6 4. c3
Bg7 5. Bd3 O-O 6. O-O Nbd7 7. Nbd2 e5 8. h3 {Consolide g4} (8. Re1 Qe7 9. Qc2
h6 10. b3 Re8 11. dxe5 dxe5 12. e4 Nh5 13. g3 a5 14. a4 Qf6 15. Be2 Nc5 16. Ba3
Bf8 17. Nc4 Bd7 18. Ne3 Qg7 19. Nd5 Rac8 20. Nd2 Nf6 21. Nxf6+ Qxf6 22. Nc4
22... Bc6 {Armas,I-Nijboer,F/Wijk aan Zee 1995/EXT 98/0-1 (82)}) 8... Re8 9.
dxe5 Nxe5 10. Nxe5 dxe5 11. Qc2 11... Qe7 {les Noirs preparent l'avance e4} 12.
Ne4 {12.e4 Be6 =} 12... Nd5 13. Ng3 c6 14. Bd2 14... f5 {14...Be6 15.Rfd1 =
} 15. Rae1 {15.e4!? est digne de consideration fxe4 16.Nxe4 Nf4 17.Bc4+ Kh8 =
} 15... e4 $15 {Cette poussee gagne de l'espace} 16. Bc4 Be6 17. b3 Nc7 18.
Bxe6+ Qxe6 19. c4 Qe5 20. Rc1 Qb2 21. Qxb2 Bxb2 22. Rc2 Be5 23. Ne2 Rad8 24.
Bc3 Kf7 25. Bxe5 Rxe5 26. Nd4 Ne6 27. Nxe6 Rxe6 28. Rfc1 Red6 29. Kf1 c5 30.
Ke2 $17 1/2-1/2

[Event "Accession Meyreuil 03/04"]
[Site "?"]
[Date "2004.01.24"]
[Round "6"]
[White "Derien, Robert"]
[Black "Mamert, Robert"]
[Result "1-0"]
[WhiteElo "1710"]
[BlackElo "1700"]
[PlyCount "64"]

1. e4 Nf6 2. e5 Nd5 3. d4
d6 4. c4 Nb6 5. exd6 cxd6 6. Nc3 g6 7. Be3 Bg7 8. Rc1 O-O 9. b3 Nc6 10. d5 Ne5
11. Be2 11... h6 {Couvre g5} (11... e6 12. f4 Ned7 13. dxe6 13... fxe6 $6 (
13... Qe7 14. Nb5 Qxe6 15. Bd4 Qe4 16. Bxg7 Kxg7 17. Qd4+ Qxd4 18. Nxd4 Nc5 19.
Ngf3 Bd7 20. O-O $14) 14. Qxd6 14... e5 $2 15. c5 {
1-0 Schlaeger,U-Weber,S/BL2-N 1990/GER-chT2 (15)}) 12. f4 Ned7 13. Nf3 Nf6 14.
O-O Bg4 15. h3 Bxf3 16. Bxf3 {16.gxf3?! Qd7 17.Kh2 =} 16... Nbd7 17. g4 Nh7
18. Rc2 Qa5 19. Bd2 a6 20. Kh1 Qd8 21. Be3 Rc8 22. Ne4 Nhf6 23. Ng3 b5 24. cxb5
axb5 25. Rc6 25... Nb8 {25...Qa5 26.Qd2 Qxd2 27.Bxd2 Ra8 +/=} 26. Rxc8 {
26.Rb6!? Rc3 27.Qe1 Qc7 28.Rxb5 Rc8 +/-} 26... Qxc8 $14 27. Qe2 Qb7 28. Qd3
28... Rc8 {28...Na6 29.Bg2 =} 29. Ne4 29... Nxe4 {
mais pas 29...Nxd5?! 30.f5 gxf5 31.Nxd6 +/-} 30. Qxe4 $11 30... Na6 31. Rc1
Rxc1+ 32. Bxc1 32... Nc7 $2 {les deux feuilles de partie ne sont pas correctes
sur ce dernier coup. On a deux indices : le N a joue et les Noirs ont
abandonne. Avec l'aide du Dr Watson on en a deduit Nc7 qui perd un pion.} 1-0

[Event "Accession Meyreuil 03/04"]
[Site "?"]
[Date "2004.01.24"]
[Round "6"]
[White "Parroco, Pierre-Jean"]
[Black "Hernandez, Jean-Pierre"]
[Result "1-0"]
[WhiteElo "1700"]
[BlackElo "1680"]
[PlyCount "95"]

1. e4 c6 2. d4 d5 3. exd5
cxd5 4. c4 Nf6 5. cxd5 Nxd5 6. Nc3 6... a6 {Securise b5} (6... Nxc3 7. bxc3 g6
8. h4 Qa5 9. Qb3 Bg7 10. Bc4 O-O 11. Nf3 Nc6 12. Kf1 Qc7 13. Bd5 Na5 14. Qb4 e6
15. Be4 Bd7 16. Rb1 Rfc8 17. h5 Rab8 18. hxg6 hxg6 19. Ne5 Bc6 20. Bd3 Bd5 21.
Ng4 {Soloviov,S-Anic,D/Val Thorens 1990/EXT 99/1/2-1/2 (71)}) 7. Nf3 e6 8. a3
Be7 9. Bd3 9... Nd7 {9...b5 10.Nxd5 Qxd5 11.0-0 Bb7 =} 10. h4 {
10.Nxd5!? exd5 11.0-0 +/=} 10... h6 {Couvre g5} 11. Qc2 N7f6 12. Ne5 Bd7 13.
Bg6 13... Rf8 $4 {#
perd l'avantage} (13... O-O $142 {etait necessaire} 14.
Bd3 Bb5 15. Nxb5 axb5 16. Qb3 (16. Bxb5 $4 16... Qa5+ $19) 16... Nb4 $1 17. Be3
Nxd3+ 18. Nxd3 Qa5+ 19. Bd2 Qa4 20. Qxa4 bxa4 21. Rc1 21... Rfd8 $15) 14. Bxf7+
$18 {14.Nxd7? Qxd7 15.Bd3 Rc8 =/+} 14... Rxf7 15. Qg6 Qb8 (15... Qb6 {
n'aide pas beaucoup} 16. Qxf7+ (16. Nxf7 $143 16... Qxd4 17. Nxh6+ 17... Kd8
$18) 16... Kd8 17. Qxg7 (17. Nxd7 $6 17... Kxd7 18. Ne2 18... g5 $18) 17...
Qxd4 18. Nf7+ (18. Nxd7 Nxc3 19. Be3 Qd3 20. bxc3 Qxc3+ 21. Ke2 Qc4+ 22. Ke1
Qc3+ 23. Bd2 Qxa1+ 24. Ke2 Qxh1 25. Nxf6 Qxh4 26. Ba5+ b6 27. Bxb6+ Kc8 28.
Qxe7 Qc4+ 29. Kf3 Qc6+ 30. Ne4 30... Qxb6 $11) 18... Kc7 19. Qg3+ e5 20. Bxh6 (
20. Nxe5 Bd6 21. f4 Re8 22. Ne2 Bxe5 23. fxe5 Rxe5 24. Bxh6 Nh5 25. Qf2 Qxb2
26. Rc1+ Bc6 27. Kd1 Ng3 28. Rxc6+ {le seul coup tenant la position} 28... bxc6
29. Qxg3 Qxe2+ 30. Kc1 $11) (20. Nxh6 Ne4 21. Nxd5+ 21... Qxd5 $18) 20... Nxc3
21. Rc1 (21. bxc3 $143 21... Qe4+ 22. Be3 22... Ng4 $18) 21... Qe4+ 22. Be3 Bc6
23. Rxc3 $18) 16. Nxd5 {>= 16.Qxf7+ Kd8 17.Qxg7 Be8 +-} 16... Qxe5+ 17. dxe5
Nxd5 18. O-O {18.Rh3!? Kf8 +-} 18... Bxh4 19. Be3 Be7 20. Rac1 b6 21. Qe4 {
21.Rfd1!? Kf8 22.Rxd5 exd5 23.Rc7 +-} 21... Rb8 22. Rfd1 Nxe3 23. Rxd7 $1 {
23.Qxe3?! est clairement inferieur Bg5 24.Qd4 Bxc1 25.Rxc1 b5 +-} 23... Nd5 {
23...Kxd7 mene au mat 24.Qc6+ Kd8 25.fxe3 +- et la menace Rd1+ ne peut etre
paree} 24. Rxd5 exd5 25. Qxd5 Kf8 26. Qd7 Bc5 27. Qd5 Rc8 28. Rxc5 $6 {
>= 28.b4 Bxf2+ 29.Kh2 +-} 28... bxc5 29. Qd6+ Re7 30. Qxa6 Rcc7 31. e6 g6 32.
Qc4 {>= 32.Qd6!? c4 +-} 32... Kg7 33. b4 33... cxb4 $14 34. Qxb4 34... Kf6 $2
{>= 34...Rxe6 et les Noirs peuvent esperer survivre 35.Qa5 Ree7 +/=} 35. Qf4+
$18 35... Kxe6 36. Qxh6 Kf5 37. g3 g5 38. Kg2 Ra7 39. Qc6 39... Red7 $2 {
39...g4 40.Qc5+ Ke6 41.a4 +-} 40. Qc5+ {>= 40.g4+!? semble meme mieux Ke5
41.Qc5+ Ke6 42.Qf5+ Kd6 43.Qf6+ Kd5 44.Qxg5+ Kc4 45.Qg8+ Kc3 +-} 40... Kf6 41.
g4 41... Rdc7 $6 {41...Rg7 +-} 42. Qf5+ Ke7 43. Qxg5+ Kd6 44. Qf4+ Ke6 45. f3
Ke7 46. Kg3 Ke8 47. g5 Rf7 48. Qb8+ (48. Qb8+ Ke7 49. Qxa7+ Ke8 50. Qa4+ Rd7
51. f4 $18) 1-0

[Event "Accession Meyreuil 03/04"]
[Site "?"]
[Date "2004.02.07"]
[Round "7"]
[White "Hernandez, Jean-Pierre"]
[Black "Tchifteyan, Philippe"]
[Result "1-0"]
[WhiteElo "1680"]
[BlackElo "1690"]
[PlyCount "100"]

1. Nf3 d5 2. d4 Nf6 3. Bf4 e6 4. e3 Ne4 5. Bd3 5...
f5 {5...g5 6.Bxe4 gxf4 7.Bd3 fxe3 8.fxe3 =} (5... Nd7 6. Bxe4 dxe4 7. Nfd2 f5
8. f3 g5 9. Bg3 f4 10. exf4 gxf4 11. Bxf4 Qf6 12. Be3 exf3 13. O-O b6 14. Nxf3
Ba6 15. Rf2 Bh6 16. Qd2 Bxe3 17. Qxe3 Rf8 18. Nbd2 O-O-O 19. c4 e5 20. d5 Rde8
21. Ne4 Qf5 22. Qa3 Kb7 23. Nfd2 Qg4 24. h3 Qh4 25. Rxf8 Rxf8 26. Qa4 Rf7 27.
c5 Nb8 28. Nd6+ {1-0 Von Bardeleben,C-Mieses,J/Hastings 1895/HCL (28)}) 6. c3 {
6.Ne5 Nf6 7.c4 +/-} 6... Nd7 7. Nbd2 Ndf6 8. Ne5 Be7 9. h3 Nxd2 10. Qxd2 Bd7
11. Qe2 O-O 12. g4 Ne4 13. Bxe4 $6 {
13.0-0-0!? +/- avec une attaque a l'aile-roi} 13... fxe4 $15 {Plus faible
est 13...dxe4?! 14.gxf5 Kh8 (14...exf5? 15.Qc4+ Kh8 16.Nf7+ Rxf7 17.Qxf7 +-)
15.Nxd7 Qxd7 16.fxe6 Qxe6 17.Bxc7 +/-} 14. O-O-O {14.Nxd7 Qxd7 15.g5 c5 =/+}
14... c5 $15 15. Rdg1 Be8 16. g5 cxd4 17. cxd4 Qa5 18. Kb1 Bb5 19. Qg4 Rf5 20.
Rc1 Qb6 21. Qd1 Bxg5 22. Bxg5 Rxg5 23. Rc5 $2 {
23.Rh2 Rf8 24.h4 Rgf5 25.Qg4 =/+} 23... Bc6 {
>= 23...Rxe5!? 24.Rxb5 Qxb5 25.dxe5 Rf8 -+} 24. Qc2 $17 24... Rc8 25. Rc1 Rf5
26. a4 26... Rcf8 {Attaque le pion arriere en f2} 27. Rxc6 (27. Nxc6 bxc6 28.
Rxc6 Qb8 29. Rc8 Qd6 (29... Rxc8 30. Qxc8+ Qxc8 31. Rxc8+ Kf7 (31... Rf8 $2 {
la finale de P est perdante pour les Noirs} 32. Rxf8+ Kxf8 33. b4 Ke7 34. b5 (
34. h4 h5 35. Kc2 g5 36. Kd2 gxh4 37. Ke2 h3 38. Kf1 e5 39. Kg1 exd4 40. exd4
h2+ 41. Kxh2 $18) 34... g5 35. a5 Kd7 36. Kc2 Kd6 (36... h5 37. Kd2 Kc8 38. Ke2
h4 39. f3 Kd7 40. fxe4 40... dxe4 $14) 37. Kd2 h6 (37... h5 38. Ke2 h4 39. f3
Kd7 40. Ke1 Kc7 41. Kf2 Kd6 42. fxe4 dxe4 43. Kf1 Kd7 44. Ke1 Kc8 45. Kf2 45...
Kd7 $11) 38. Ke2 Kd7 39. Kf1 h5 40. h4 gxh4 41. Kg2 h3+ 42. Kxh3 Kd6 43. Kh4
Kd7 44. Kxh5 a6 45. bxa6 Kc7 46. Kg5 $18) 32. Rc7+ {
et les P blancs a l'aile-dame sont plus rapides que les P noirs} 32... Kf6 33.
Rxa7 Rxf2 34. a5 Rf1+ 35. Ka2 Rc1 36. Rb7 Rc8 37. a6 Ra8 38. a7 e5 39. dxe5+
Kxe5 40. Rxg7 d4 41. Kb3 dxe3 42. Kc2 e2 43. Kd2 e1=Q+ 44. Kxe1 h6 45. b4 Kd6
46. b5 Kc5 47. Rb7 $18) 30. Qc7 Qxc7 31. R8xc7 31... a5 $11) 27... bxc6 $17 28.
Nd7 Qa6 29. Nxf8 Rxf8 30. Qxc6 Qxc6 31. Rxc6 Rxf2 32. Rxe6 32... Rf5 {
32...Rf3 33.Re8+ Kf7 34.Ra8 Rxe3 35.Rxa7+ Kf6 36.Rd7 Ke6 37.Rxg7 Rxh3 = suivi
de ...Rd3} 33. b4 {33.Ra6 Rf1+ 34.Ka2 Rf7 +/=} 33... Kf7 {
33...Rf3!? 34.Ra6 Rxh3 35.Rxa7 Rxe3 =} 34. Ra6 $14 34... g5 $2 {
>= 34...Rf3 +/=} 35. Rxa7+ $18 35... Kg6 36. a5 {
36.b5 Rf1+ 37.Kc2 Rf2+ 38.Kc3 Re2 39.b6 +-} 36... h5 {
36...Rf1+ 37.Kc2 Rf2+ 38.Kc3 Re2 39.b5 Rxe3+ 40.Kb4 Rxh3 41.b6 +-} 37. Ra6+ {
>= 37.a6 Rf8 38.Rd7 +-} 37... Kf7 $2 {>= 37...Kg7 38.Rc6 g4 39.hxg4 hxg4 40.
Rc1 Rf3 41.a6 Rxe3 42.Kb2 Re2+ 43.Kb3 Re3+ 44.Ka4 Re2 45.Ra1 Rf2 46.b5 g3 47.
b6 g2 48.Rg1 Ra2+ 49.Kb5 +-} 38. Rc6 $18 38... g4 39. hxg4 hxg4 40. a6 g3 41.
Rc7+ (41. a7 {est plus facile pour les Blancs} 41... g2 42. Rc7+ Kf6 43. a8=Q
g1=Q+ 44. Rc1 Qxe3 (44... Qh2 45. Qd8+ Kg7 46. Rc7+ 46... Qxc7 {force} (46...
Rf7 47. Qg5+ Kh8 48. Rc8+ Kh7 49. Qg8+ Kh6 50. Rc6+ Kh5 51. Qxf7+ Kh4 52. Rh6+
Kg4 53. Rg6+ Kh4 54. Qh7#) 47. Qxc7+ $18) 45. Qf8+ Kg5 46. Qg7+ Kf4 47. Rf1+
Qf3 48. Qc7+ Ke3 49. Qc3+ Kf4 50. Rxf3+ exf3 51. Qe1 $18) 41... Ke6 $2 {
41...Kg6 42.Rc2 Rf8 43.Rg2 +-} 42. Rg7 (42. b5 $142 $5 {
et les Blancs peuvent se relaxer} 42... Kf6 43. a7 g2 44. a8=Q g1=Q+ 45. Rc1
Qxe3 46. Qf8+ Kg5 47. Qg7+ Kf4 48. Rf1+ Qf3 49. Qg1 Rg5 50. Qh2+ Ke3 51. Rxf3+
exf3 52. Qh6 Kf4 53. Kc2 $18) 42... Rf8 43. a7 {>= 43.Kc2 Rb8 44.Kc3 +-}
43... Kd6 $4 {accelere la fin des Noirs >= 43...Ra8 +-} 44. Rxg3 {
>= 44.b5!? est mieux g2 +-} 44... Kc6 45. Kb2 {
>= 45.Rg7 Ra8 +- la R noire est passive} 45... Kb7 46. Rg7+ Ka8 47. b5 47...
Rf6 {47...Rf7 48.Rg5 Kxa7 49.Kc3 +- mais les Blancs n'ont pas encore gagne}
48. Kb3 48... Rb6 $2 {48...Rf7 49.Rg5 Kxa7 50.Kc3 +- idem} 49. Kb4 $4 {
49.Ka4 Ra6+ 50.Kb4 Ra4+ 51.Kc5 Rc4+ 52.Kxd5 Rc5+ 53.Kxe4 Rxb5 54.d5 Rb4+ 55.
Kf5 Rf4+ 56.Ke6 Rf6+ 57.Ke7+-} 49... Rb7 $4 {laisse passer la derniere chance
>= 49...Rxb5+! assurait la nulle 50.Kc3 Rb3+ 51.Kd2 Rb7 =} 50. Rxb7 Kxb7 1-0